000 00845cam a2200277 i 4500
001 14991
003 BD-RjUL
005 20211208235729.0
008 140209s1978 njua b 001 0 eng
020 _a0130408573 :
035 _a(BD-RjUL)15045
040 _aDLC
_cDLC
_dDLC
_dBD-RjUL
_beng
041 _aeng
082 0 0 _a658.3
_bHAA 1978
100 1 _aHalloran, Jack,
_d1931-
_946653
245 1 0 _aApplied human relations :
_bAn organizational approach /
_cJack Halloran.
260 _aEnglewood Cliffs, N.J. :
_bPrentice-Hall,
_cc1978.
300 _axi, 527 p. :
_bill. ;
_c24 cm.
504 _aIncludes bibliographical references and index.
650 0 _aOrganizational behavior.
_942223
650 0 _aManagement.
_946654
650 0 _aPersonnel management.
_946655
942 _2ddc
_cBK
999 _c14991
_d14991